[Event "ROM-ch U10"]
[Site "Calimanesti"]
[Date "2014.04.10"]
[Round "6"]
[White "Caraba, Alexandru"]
[Black "Togan, Vlad"]
[Result "1-0"]
[WhiteElo "1535"]
[BlackElo "1375"]
[PlyCount "120"]
[EventDate "2014.04.06"]
[EventType "swiss"]
[EventRounds "9"]
[EventCountry "ROU"]
[SourceTitle "CBM 160 Extra"]
[Source "ChessBase"]
[SourceDate "2014.07.01"]
[SourceVersion "1"]
[SourceVersionDate "2014.07.01"]
[SourceQuality "1"]

1. e4 e5 2. Nf3 Nc6 3. Nc3 Nf6 4. d4 exd4 5. Nxd4 Bb4 6. Nxc6 bxc6 7. Bd3 0-0 8. 0-0 d5 9. exd5 cxd5 10. Bg5 c6 11. Qf3 Be7 12. Rae1 Be6 13. h3 h6 14. Bc1 Kh8 15. Ne2 Re8 16. Nd4 Bd7 17. Nf5 Bf8 18. b3 Be6 19. Bb2 Be7 20. Qg3 Rg8 21. Qe3 Bxf5 22. Bxf5 Bd6 23. Qf3 Bc7 24. Bd3 d4 25. Qxc6 Rb8 26. Bxd4 Ba5 27. Bc3 Rc8 28. Bxa5 Qxd3 29. Qxc8 Qxf1+ 30. Kxf1 Rxc8 31. c4 Kh7 32. Re7 Kg6 33. g4 a6 34. f4 Rc5 35. Bd2 h5 36. f5+ Kh7 37. g5 Rxf5+ 38. Kg2 Ng8 39. Ra7 h4 40. Rxa6 Re5 41. Kf3 Rf5+ 42. Kg4 Ne7 43. Bb4 Re5 44. Bxe7 Rxe7 45. Kxh4 g6 46. Rf6 Kg7 47. a4 Rb7 48. Rf3 Rb4 49. a5 Rb8 50. Rd3 Ra8 51. Rd5 Ra6 52. b4 f6 53. b5 Rxa5 54. Rd7+ Kg8 55. gxf6 Ra4 56. Rc7 g5+ 57. Kxg5 Ra1 58. b6 Rg1+ 59. Kh4 Rc1 60. b7 Rxc4+ 1-0

[Event "ROM-ch U10"]
[Site "Calimanesti"]
[Date "2013.04.07"]
[Round "8"]
[White "Coca, Cristi Iulian"]
[Black "Togan, Vlad"]
[Result "1/2-1/2"]
[WhiteElo "1479"]
[BlackElo "1257"]
[PlyCount "113"]
[EventDate "2013.04.02"]
[EventType "swiss"]
[EventRounds "9"]
[EventCountry "ROU"]
[SourceTitle "CBM 153 Extra"]
[Source "ChessBase"]
[SourceDate "2013.04.22"]
[SourceVersion "1"]
[SourceVersionDate "2013.04.22"]
[SourceQuality "1"]

1. e4 e5 2. Nf3 Nc6 3. Bc4 Nf6 4. Ng5 d5 5. exd5 Na5 6. Bb5+ Bd7 7. Qe2 Bd6 8. d4 0-0 9. dxe5 Bxe5 10. 0-0 Re8 11. Qd3 Bxb5 12. Qxb5 Qxd5 13. Qa4 Nc6 14. Nc3 Bxc3 15. bxc3 h6 16. Nf3 Ne4 17. Bb2 Rad8 18. Rfe1 Ng5 19. Nxg5 Qxg5 20. Qb3 Rxe1+ 21. Rxe1 b6 22. Qa4 Rd6 23. Bc1 Qf6 24. Qc4 Re6 25. Rd1 Rd6 26. Rf1 Qg6 27. Bf4 Rd7 28. Re1 Na5 29. Qa6 Rd8 30. Bxc7 Rd2 31. Qxa7 Rxc2 32. Bxb6 Nc4 33. Qa8+ Kh7 34. Bd4 Nd6 35. h3 Nf5 36. Re8 Rc1+ 37. Kh2 Qd6+ 38. Be5 Qd1 39. Rh8+ Kg6 40. Qa6+ f6 41. Rxh6+ Nxh6 42. Kg3 Nf5+ 43. Kf4 Qd2+ 44. Kf3 Rf1 45. Qxf1 fxe5 46. Qa6+ Qd6 47. Qb5 Qd1+ 48. Qe2 Qxe2+ 49. Kxe2 Kf6 50. Kd3 Ke6 51. Kc4 Kd6 52. a4 Ne7 53. g4 g5 54. Kd3 Ng6 55. a5 Nf4+ 56. Ke4 Nxh3 57. f3 1/2-1/2